[Event "Kalyan op 2nd"]
[Site "Kalyan"]
[Date "2019.01.30"]
[Round "3"]
[White "Ahmed, Feroz"]
[Black "Mayekar, Ayush"]
[Result "1-0"]
[WhiteElo "1919"]
[BlackElo "1389"]
[PlyCount "71"]
[EventDate "2019.01.29"]
[EventType "swiss"]
[EventRounds "10"]
[EventCountry "IND"]
[SourceTitle "CBM 188 Extra"]
[Source "ChessBase"]
[SourceDate "2019.02.28"]
[SourceVersion "1"]
[SourceVersionDate "2019.02.28"]
[SourceQuality "1"]

1. c4 Nf6 2. g3 g6 3. Bg2 Bg7 4. Nc3 c6 5. e4 e5 6. Nf3 Qc7 7. d4 d6 8. 0-0 0-0 9. h3 b6 10. Be3 Bb7 11. Qd2 Re8 12. Rad1 a6 13. d5 c5 14. Bh6 Nh5 15. Bxg7 Nxg7 16. Nh2 f5 17. f4 Nd7 18. g4 Rf8 19. gxf5 gxf5 20. exf5 Nxf5 21. Ng4 Rae8 22. fxe5 Nxe5 23. Rxf5 Rxf5 24. Nh6+ Kh8 25. Nxf5 Nxc4 26. Qh6 Qf7 27. Nxd6 Nxd6 28. Qxd6 Qg7 29. Rf1 b5 30. Qf6 Qxf6 31. Rxf6 b4 32. Na4 Rd8 33. Nxc5 Bxd5 34. Bxd5 Rxd5 35. Rf8+ Kg7 36. Ne6+ 1-0